| 000 | 00000nam##2200000za#4500 |
| 001 | 9.638321 |
| 003 | CaOODSP |
| 005 | 20220901164756 |
| 007 | cr ||||||||||| |
| 008 | 150407|2006||||xxc|||||o f|0| 0 fre|d |
| 040 | |aCaOODSP|bfre |
| 043 | |an-cn--- |
| 086 | 1 |aJ4-10/2006F-PDF |
| 110 | 1 |aCanada.|bJustice Canada. |
| 245 | 10|aRevue de la recherche sur la victimisation criminelle et les membres des Premières nations, les Métis et les Inuits, 1990 à 2001 / |h[ressource électronique]|c[par] Larry Chartrand et Celeste McKay. |
| 260 | |aOttawa - Ontario : |bJustice Canada |cJanvier 2006. |
| 300 | |a119p.|bgraphiques, références, tableau |
| 590 | |a11-02-Supp|b2011-01-27 |
| 720 | 1 |aChartrand, Larry |
| 720 | 1 |aMcKay, Celeste |
| 775 | 08|tA review of research on criminal victimization and First Nations, Métis and Inuit Peoples 1990 to 2001 / |w(CaOODSP)9.694140 |
| 856 | 40|ahttp://publications.gc.ca|qPDF|s802 Ko|uhttps://publications.gc.ca/collections/collection_2010/justice/J4-10-2006-fra.pdf |
| 986 | |arr06vic-1f |